Против войны и колониальной политики (Запись № 8292381)

Подробности
000 -МАРКЕР
контрольное поле 01488nam0a22003491 4500
001 - ИДЕНТИФИКАТОР ЗАПИСИ
контрольное поле rc\4355748
005 - ИДЕНТИФИКАТОР ВЕРСИИ
контрольное поле 20130416140246.0
021 ## - НОМЕР ГОСУДАРСТВЕННОЙ РЕГИСТРАЦИИ
Код страны Российская Федерация
Номер [61-88567]
035 ## - ДРУГИЕ СИСТЕМНЫЕ НОМЕРА
Идентификатор записи (NLR Aleph) 008531802
100 ## - ДАННЫЕ ОБЩЕЙ ОБРАБОТКИ
Данные общей обработки 20130416d1961 |||y0rusy50 ca
101 1# - ЯЗЫК РЕСУРСА
Язык текста, звукозаписи и т.д. русский
Язык оригинала французский
102 ## - СТРАНА ПУБЛИКАЦИИ ИЛИ ПРОИЗВОДСТВА
Страна публикации Российская Федерация
105 ## - ПОЛЕ КОДИРОВАННЫХ ДАННЫХ: ТЕКСТОВЫЕ МАТЕРИАЛЫ, МОНОГРАФИЧЕСКИЕ
Кодированные данные о монографическом текстовом документе c z |||||
200 1# - ЗАГЛАВИЕ И СВЕДЕНИЯ ОБ ОТВЕТСТВЕННОСТИ
Основное заглавие Против войны и колониальной политики
Первые сведения об ответственности Сост. и авт. коммент. [и биогр. очерка] Мадлен Ребериу
Последующие сведения об ответственности Пер. с фр. Д.Л. Каравкиной и В.Н. Курелла
-- Ред. и вступ. статья [с. 5-25] проф. А.З. Манфреда
210 ## - ПУБЛИКАЦИЯ, РАСПРОСТРАНЕНИЕ И ДР.
Место издания, распространения и т.д. Москва
Имя издателя, распространителя и т. д. Изд-во иностр. лит.
Дата издания, распространения и т.д. 1961
215 ## - ФИЗИЧЕСКАЯ ХАРАКТЕРИСТИКА
Специфическое обозначение материала и объем 238 с., 1 л. портр.
Размеры 21
300 ## - ОБЩИЕ ПРИМЕЧАНИЯ
Текст примечания Доп. тит. л.: Jean Jaurès. Conte la guerre et la politique coloniale. Paris, 1959
513 0# - ЗАГЛАВИЕ НА ДОПОЛНИТЕЛЬНОМ ТИТУЛЬНОМ ЛИСТЕ
Заглавие на дополнительном титульном листе Conte la guerre et la politique coloniale
606 ## - НАИМЕНОВАНИЕ ТЕМЫ КАК ПРЕДМЕТ
Наименование темы Колониальный вопрос
Код системы psbo
606 ## - НАИМЕНОВАНИЕ ТЕМЫ КАК ПРЕДМЕТ
Наименование темы Война
Код системы psbo
606 ## - НАИМЕНОВАНИЕ ТЕМЫ КАК ПРЕДМЕТ
Наименование темы Международные отношения
Хронологический подзаголовок 19-20 вв.
Код системы psbo
700 #1 - ИМЯ ЛИЦА - ПЕРВИЧНАЯ ОТВЕТСТВЕННОСТЬ
Начальный элемент ввода Жорес
Часть имени, кроме начального элемента ввода Ж.
Даты 1859-1914
Расширение инициалов личного имени Жан
702 #1 - ИМЯ ЛИЦА - ВТОРИЧНАЯ ОТВЕТСТВЕННОСТЬ
Начальный элемент ввода Манфред
Часть имени, кроме начального элемента ввода А. З.
Код отношения Редактор
-- Автор введения, предисловия, примечания и т.п.
702 #1 - ИМЯ ЛИЦА - ВТОРИЧНАЯ ОТВЕТСТВЕННОСТЬ
Начальный элемент ввода Курелла
Часть имени, кроме начального элемента ввода В. Н.
Код отношения Переводчик
702 #1 - ИМЯ ЛИЦА - ВТОРИЧНАЯ ОТВЕТСТВЕННОСТЬ
Начальный элемент ввода Каравкина
Часть имени, кроме начального элемента ввода Д. Л.
Код отношения Переводчик
702 #1 - ИМЯ ЛИЦА - ВТОРИЧНАЯ ОТВЕТСТВЕННОСТЬ
Начальный элемент ввода Ребериу
Часть имени, кроме начального элемента ввода М.
Расширение инициалов личного имени Мадлен
Код отношения Составитель
-- Комментатор печатного текста
801 #0 - ИСТОЧНИК ЗАПИСИ
Страна Российская Федерация
Организация NLR
Правила каталогизации psbo
801 #1 - ИСТОЧНИК ЗАПИСИ
Страна Российская Федерация
Организация ELAR
Источник данных rusmarc
852 ## - МЕСТОНАХОЖДЕНИЕ И ШИФР ХРАНЕНИЯ
Идентификатор организации NLR
Шифр хранения (Call Number) 62-3/464
942 ## - ДОПОЛНИТЕЛЬНЫЕ ЭЛЕМЕНТЫ ЗАПИСИ (АБИС)
Тип экземпляра АБИС Книга
980 ## - КОЛЛЕКЦИЯ
Название коллекции Национальная библиография
Экземпляры
Тип экземпляра Дата поступления Библиотека постоянного хранения Библиотека текущего хранения Место хранения Шифр хранения Штрих-код Статус экземпляра
Книга 26.10.2013 РНБ (Московский) РНБ (Московский) Русский книжный фонд: издания с 1957 года 62-3/464 8531802-10